000 01206cam a2200325 i 4500
001 51040
003 Mx-PuUPA
005 20221126113422.0
008 140415s2017 enka r 000 0 eng d
020 _a9780128097342
040 _aMX-PuUPA
_bspa
_erda
_cMx-PuUPA
_dMx-PuUPA
041 0 _aeng
100 1 _910320
_aRao, M. N.
_q(Madhavarao Narayana)
_eautor
245 1 0 _aSolid and hazardous waste management :
_bscience and engineering /
_cM. N. Rao, Razia Sultana, Sri Harsha kota
264 4 _aUnited Kingdom :
_bBSP Books Pvt,
_c©2017
300 _axii, 332 páginas :
_bilustraciones, tablas ;
_c23 cm
336 _atexto
_2rdacontent
_btxt
337 _asin medio
_2rdamedia
_bn
338 _avolumen
_2rdacarrier
_bnc
650 7 _aResiduos industriales
_xAdministración
_2armarc
650 7 _aFábricas
_xMedidas de seguridad
_2armarc
700 1 _aSultana, Razia,
_eautor
700 1 _akota, Sri Harsha,
_eautor
942 _2ddc
_cLI
_h628.4
_iR215
999 _c51040
_d51040